SCIENCE AND ART OF HAPPY LIVING (Record no. 8571)

MARC details
000 -LEADER
fixed length control field 00341nam a22001337a 4500
005 - DATE AND TIME OF LATEST TRANSACTION
control field 20240708125630.0
008 - FIXED-LENGTH DATA ELEMENTS--GENERAL INFORMATION
fixed length control field 240708b |||||||| |||| 00| 0 eng d
020 ## - INTERNATIONAL STANDARD BOOK NUMBER
ISBN 978-81-7110-370-7
041 ## - LANGUAGE CODE
Language code of text/sound track or separate title eng
100 ## - MAIN ENTRY--AUTHOR NAME
Personal name SHARMA, SURAJ NARAIN AND SHARMA, ANITA
245 ## - TITLE STATEMENT
Title SCIENCE AND ART OF HAPPY LIVING
300 ## - PHYSICAL DESCRIPTION
Number of Pages 296; P
942 ## - ADDED ENTRY ELEMENTS (KOHA)
Koha item type Books
Holdings
Lost status Damaged status Home library Current library Shelving location Date acquired Source of acquisition Cost, normal purchase price Full call number Accession Number Koha item type
    JRU Library JRU Library SHELF-102-H 08/07/2024 PURCHASE 195.00 158.1 28279 Books